The Strokes Songs - Statistics

General Stats
  • This quiz has been taken 1,172 times
    1,009 since last reset
  • The average score is 43 of 78
Answer Stats
Album Answer % Correct
Is This It Is This It
96%
Reptilia
92%
Someday
87%
The New Abnormal The Adults Are Talking
87%
Last Nite
86%
New York City Cops
82%
Soma
82%
Ode To The Mets
81%
First Impressions of Earth You Only Live Once
79%
12:51
78%
Angles Machu Picchu
78%
The Modern Age
78%
Hard To Explain
76%
Selfless
74%
Barely Legal
73%
Juicebox
73%
Brooklyn Bridge To Chorus
72%
Take It or Leave It
72%
Why Are Sundays So Depressing
72%
Bad Decisions
70%
At The Door
68%
Meet Me in the Bathroom
68%
Under Cover of Darkness
68%
Welcome To Japan
68%
Call It Fate, Call It Karma
66%
Razorblade
65%
80's Comedown Machine
63%
Automatic Stop
63%
Eternal Summer
63%
Room On Fire Whatever Happened?
63%
Heart in a Cage
62%
Alone, Together
61%
Trying Your Luck
60%
The End Has No End
57%
Ize of the World
55%
Life is Simple in the Moonlight
55%
Oblivius
55%
Taken for a Fool
55%
Not The Same Anymore
54%
Under Control
54%
One Way Trigger
53%
Threat of Joy
53%
Future Present Past (EP) Drag Queen
52%
I Can't Win
52%
Gratisfaction
51%
Red Light
51%
50/50
50%
Electricityscape
50%
Comedown Machine Tap Out
50%
Between Love & Hate
49%
Chances
49%
Games
49%
Slow Animals
49%
You Talk Way Too Much
47%
Metabolism
44%
On the Other Side
44%
Call Me Back
43%
All The Time
41%
15 Minutes
40%
Evening Sun
40%
Ask Me Anything
39%
Hawaii
38%
The Way It Is
38%
Two Kinds of Happiness
38%
Vision of Division
38%
Oblivius - Moretti Remix
37%
Partners In Crime
37%
Fear of Sleep
36%
(Misc.) When It Started
36%
Happy Ending
35%
You're So Right
33%
Killing Lies
32%
Modern Girls & Old Fashioned Men
32%
Fast Animals
30%
Mercy Mercy Me (The Ecology)
18%
In Her Prime
11%
Elephant Song
10%
A minor 4-4
7%
No matching quizzes found
Score Distribution
Percent of People with Each Score
Percentile by Number Answered
Your Score History
You have not taken this quiz since the last reset